| 000 | 00558 a2200181 4500 | ||
|---|---|---|---|
| 020 |
_a9780007121090 _c575.60 |
||
| 035 | _aB-211571 | ||
| 037 | _bRP-ZLS-2783 / UBH-07-08:6 / RP-07-08:ENG | ||
| 082 | 1 | 4 | _aN |
| 090 |
_c4966 _d4966 |
||
| 100 | 1 | _aChristies, Agatha | |
| 245 | 1 |
_aThe clocks _cby Agatha Christies |
|
| 260 |
_aLondon _bHarper Collins Publishers _c2002 |
||
| 300 |
_a384 p _c18 cm (pbk) |
||
| 490 | _aAgatha Christies | ||
| 942 |
_adpl _cEN _kN / CHI |
||
| 999 |
_c4872 _d4872 |
||